000 00919nam a22003017a 4500
003 CHAP
005 20220329141224.0
008 971010s r 00010 d
010 _a64656
011 _a65628
035 _a72760
040 _cCHAP
090 _aFolleto 4761
110 2 _aCIBA-GEIGY Mexicana, S.A. de C. V.
_923030
245 1 _aCorrecta aplicación aérea de pesticidas
260 _a(México, D. F.) :
_b(s.e.),
_c(s.a.)
300 _a30 p.
_b: ilus.
590 _aBATCH-UPD
_b10
_c20130110
_lUCH01
_h0940
590 _aBATCH-UPD
_b10
_c20130410
_lUCH01
_h0557
590 _aBATCH-UPD
_b10
_c20130914
_lUCH01
_h0452
590 _aCONVERSION
_b10
_c20130109
_lUCH01
_h1335
650 1 4 _aAviación en agricultura.
_98698
650 1 4 _aPesticidas.
_987536
650 1 4 _aPesticidas
_xAplicación.
_987539
901 _aBK
942 _cFOLL
949 _aFolleto 4761
_bBC
_cFOLL
_d-140839
_eTS1
_i72760
_mD
_si
999 _c64656
_d64656